[Event "Challenge"]
[Site "http://www.queenalice.com/game.php?id=846523"]
[Date "2010.10.16"]
[Round "-"]
[White "takebora"]
[Black "Savage24"]
[Result "0-1"]
[WhiteElo "979"]
[BlackElo "1893"]

1. c4 Nf6 2. d3 e6 3. e4 d6 4. f3 Nc6 5. a3 d5 6. h3 Nh5 7. Bd2 Qh4+ 8. g3 Qxg3+
9. Ke2 Nd4+ 10. Ke3 Bc5 11. Qa4+ Bd7 12. Qa5 Nf5+ 13. Ke2 Qf2+ 14. Kd1 Qxf1+ 15.
Be1 Ne3+ 16. Kc1 Nf4 17. Rh2 Nxd3+ 18. Kd2 Qxe1+ 19. Kxd3 dxc4# 0-1

[Event "Challenge"]
[Site "http://www.queenalice.com/game.php?id=848492"]
[Date "2010.10.20"]
[Round "-"]
[White "takebora"]
[Black "gabriellima"]
[Result "1-0"]
[WhiteElo "979"]
[BlackElo "1199"]

1. c4 e5 2. Nf3 Qf6 3. h4 d6 4. Rh3 Bxh3 5. gxh3 Nc6 6. e4 Be7 7. Qe2 Nd4 8.
Nxd4 exd4 9. d3 O-O-O 10. Qd2 Qxh4 11. Qa5 Qxh3 12. Bxh3+ Kb8 13. a4 Nf6 14. Bd2
b6 15. Qb4 a5 16. Qa3 Rde8 17. Bxa5 bxa5 18. Qb3+ Ka7 19. c5 dxc5 20. Na3 h5 21.
Nb5+ Kb7 22. e5 Nd7 23. Bxd7 Rd8 24. Bc6+ Kxc6 25. Na7+ Kd7 26. Qxf7 Rdf8 27.
Qd5+ Ke8 28. Ra3 Rf5 29. Rb3 Bf6 30. Qe6+ Kf8 31. Rb8+ Bd8 32. Rxd8# 1-0

[Event "Challenge"]
[Site "http://www.queenalice.com/game.php?id=863158"]
[Date "2010.11.24"]
[Round "-"]
[White "jbugg"]
[Black "takebora"]
[Result "1/2-1/2"]
[WhiteElo "1361"]
[BlackElo "1018"]

1. e4 c5 2. Nc3 Nf6 3. Nf3 d6 4. Bc4 a6 5. Ng5 Qa5 6. Nxf7 Bg4 7. f3 d5 8. Nxd5
b5 9. Be2 Kxf7 10. fxg4 Nxd5 11. exd5 Ke8 12. O-O Ra7 13. d3 e5 14. Bd2 Qd8 15.
Bf3 c4 16. d4 exd4 17. Qe2+ Kd7 18. Rfe1 Kc8 19. g5 d3 20. Bg4+ Nd7 21. Qe3 Bc5
22. Bxd7+ Rxd7 23. Qxc5+ Rc7 24. cxd3 Rxc5 25. Re5 Re8 26. Re6 Rxd5 27. Rc6+ Kd7
28. Rxa6 Rxd3 29. Rd1 Ree3 30. Kf2 Qf8+ 31. Rf6 gxf6 32. Bxe3 Rxd1 33. Ke2 Rd5
34. h4 fxg5 35. hxg5 b4 36. a4 Qe8 37. g4 b3 38. g6 hxg6 39. g5 c3 40. bxc3 Ra5
41. Kd2 Rxa4 42. c4 b2 43. Kc2 Qxe3 44. Kxb2 Rxc4 45. Kb1 Qxg5 46. Ka2 Qa5+ 47.
Kb3 Qa4+ 48. Kb2 g5 49. Kb1 g4 50. Kb2 g3 51. Kb1 g2 52. Kb2 g1=Q 1/2-1/2

[Event "Challenge"]
[Site "http://www.queenalice.com/game.php?id=867710"]
[Date "2010.12.4"]
[Round "-"]
[White "takebora"]
[Black "jcmlima"]
[Result "0-1"]
[WhiteElo "1140"]
[BlackElo "1675"]

1. c4 e5 2. h4 Nc6 3. Rh3 Nf6 4. e3 d5 5. Qa4 Bxh3 6. gxh3 dxc4 7. Bxc4 Qd7 8.
d3 Bb4+ 9. Nc3 Bxc3+ 10. bxc3 a6 11. Qd1 O-O 12. a4 e4 13. h5 exd3 14. Nf3 Rad8
15. Ng5 Ne5 16. Be6 fxe6 17. h6 g6 18. Nf3 Nxf3+ 19. Qxf3 d2+ 20. Bxd2 Qxd2+ 21.
Kf1 Qxc3 22. Rb1 Nd5 23. Qe4 Qf6 24. h4 Qxf2# 0-1

[Event "Challenge"]
[Site "http://www.queenalice.com/game.php?id=868351"]
[Date "2010.12.6"]
[Round "-"]
[White "takebora"]
[Black "mtristan"]
[Result "1-0"]
[WhiteElo "1111"]
[BlackElo "1336"]

1. c4 e5 2. h4 Nf6 3. Rh3 d6 4. Re3 Be6 5. Qb3 Nc6 6. a4 Na5 7. Qb5+ c6 8. Qb4
d5 9. Qc3 Nxc4 10. Rg3 Ne4 11. Rf3 Nxc3 12. Rxc3 Qxh4 13. Nh3 Bc5 14. d3 Bxh3
15. dxc4 Qxf2+ 16. Kd1 Qxf1+ 17. Kc2 Qxe2+ 18. Bd2 Bf5+ 19. Kb3 Qd1+ 20. Ka2
Bxb1+ 21. Rxb1 1-0

[Event "Challenge"]
[Site "http://www.queenalice.com/game.php?id=868482"]
[Date "2010.12.6"]
[Round "-"]
[White "jbugg"]
[Black "takebora"]
[Result "0-1"]
[WhiteElo "1351"]
[BlackElo "1061"]

1. e4 e5 2. Nf3 f6 3. Nc3 c6 4. Bc4 Nh6 5. d4 Ng8 6. O-O d5 7. Bb3 h5 8. Nh4 Bd6
9. Qxh5+ Rxh5 10. g3 Ne7 11. g4 Rxh4 12. f3 exd4 13. Ne2 Rxh2 14. Bf4 Rxe2 15.
Bc1 Kf7 16. c4 Qh8 17. Bd1 Qh2# 0-1

[Event "Challenge"]
[Site "http://www.queenalice.com/game.php?id=870066"]
[Date "2010.12.10"]
[Round "-"]
[White "takebora"]
[Black "xambim"]
[Result "1-0"]
[WhiteElo "1164"]
[BlackElo "1226"]

1. c4 e5 2. e4 Qh4 3. Qe2 Nf6 4. Nf3 Qxe4 5. Nc3 Qf5 6. Nxe5 Be7 7. Nb5 Na6 8.
Nd4 Qh5 9. Qxh5 Nxh5 10. Be2 Nb4 11. Bxh5 g6 12. Bd1 c5 13. Nb5 1-0

[Event "Challenge"]
[Site "http://www.queenalice.com/game.php?id=873202"]
[Date "2010.12.17"]
[Round "-"]
[White "jbugg"]
[Black "takebora"]
[Result "0-1"]
[WhiteElo "1318"]
[BlackElo "1140"]

1. e4 d5 2. e5 h5 3. Nf3 e6 4. Bd3 c6 5. Nc3 g6 6. O-O Bh6 7. b3 f5 8. Ba3 Rh7
9. Bc5 a6 10. Na4 b6 11. Bxb6 Rc7 12. Bxc7 Qxc7 13. c4 Bf4 14. g3 Bh6 15. Nc5
Ra7 16. Nd4 h4 17. gxh4 Qxe5 18. Nc2 Qf6 19. Qe1 Bf4 20. f3 Rh7 21. a4 Bxh2+ 22.
Kxh2 Rxh4+ 23. Kg2 Qg5+ 24. Kf2 Rh2# 0-1

[Event "Challenge"]
[Site "http://www.queenalice.com/game.php?id=878227"]
[Date "2010.12.29"]
[Round "-"]
[White "takebora"]
[Black "swampthing"]
[Result "1-0"]
[WhiteElo "1233"]
[BlackElo "1238"]

1. d4 e6 2. c3 b6 3. h4 Bb7 4. Rh3 Bd6 5. f3 c5 6. e3 Qc7 7. a4 Bh2 8. Ne2 Nf6
9. e4 Nh5 10. e5 cxd4 11. Rxh2 Qxe5 12. Rh3 Nf4 13. Bxf4 Qf6 14. cxd4 Bd5 15.
Ra3 Nc6 16. Bd6 e5 17. dxe5 Nxe5 18. Qxd5 Nc6 19. Re3+ Kd8 20. Nec3 Qh6 21. f4
Re8 22. Be7+ Rxe7 23. Rxe7 Kxe7 24. Re3+ Kf8 25. Nb5 Re8 26. Rxe8+ Kxe8 27. Nd6+
Ke7 28. Nf5+ Kd8 29. Nxh6 gxh6 30. Qxf7 Nb4 31. Qb3 a5 32. f5 d5 33. f6 Ke8 34.
Ke2 Kf7 35. Qc3 Na2 36. Qc2 d4 37. Qc4+ Kf8 38. Qxa2 1-0

[Event "Challenge"]
[Site "http://www.queenalice.com/game.php?id=883232"]
[Date "2011.1.8"]
[Round "-"]
[White "jbugg"]
[Black "takebora"]
[Result "0-1"]
[WhiteElo "1341"]
[BlackElo "1212"]

1. e4 d6 2. Nf3 e5 3. Bc4 c6 4. b3 Qf6 5. Ba3 d5 6. exd5 b5 7. Bd3 h5 8. O-O h4
9. dxc6 Nxc6 10. Nc3 Bxa3 11. Nxb5 Be7 12. Nc7+ Kd7 13. Nxa8 Bb7 14. Bb5 Bxa8
15. Qe2 Kc7 16. Qc4 h3 17. g3 Qxf3 18. Bxc6 Bxc6 19. Qxf7 Qxf7 20. f3 Bc5+ 21.
Kh1 Bxf3+ 0-1

[Event "Challenge"]
[Site "http://www.queenalice.com/game.php?id=884552"]
[Date "2011.1.11"]
[Round "-"]
[White "blackwolf"]
[Black "takebora"]
[Result "1-0"]
[WhiteElo "1917"]
[BlackElo "1230"]

1. d4 d5 2. c4 c6 3. Nf3 e6 4. Nc3 f6 5. e4 a6 6. Be2 h5 7. O-O g5 8. Re1 b5 9.
cxd5 Ra7 10. dxc6 Nxc6 11. Be3 g4 12. Nh4 Bd6 13. d5 exd5 14. Bxa7 Nxa7 15. exd5
Ne7 16. a3 g3 17. Bxh5+ Kd7 18. hxg3 Rg8 19. Bf7 Rg5 20. Be6+ Kc7 21. Rc1 Kb7
22. Ne4 Rg7 23. Nxd6+ Qxd6 24. Bxc8+ Naxc8 25. Re6 Qd7 26. Rxf6 Ng8 27. Rf3 Nce7
28. d6 Nc6 29. Rfc3 Nge7 30. dxe7 Qxe7 31. Nf5 Qf7 32. Nd6+ Kc7 33. Nxf7 Rxf7
34. Rxc6+ Kb7 35. Rc7+ Rxc7 36. Rxc7+ Kxc7 37. Qd5 Kb6 38. b4 a5 39. Qc5+ Kb7
40. Qxb5+ Kc7 41. Qxa5+ Kd6 42. Qc5+ Ke6 43. b5 Kf6 44. b6 Ke6 45. b7 Kd7 46.
b8=Q 1-0

[Event "Challenge"]
[Site "http://www.queenalice.com/game.php?id=884553"]
[Date "2011.1.11"]
[Round "-"]
[White "takebora"]
[Black "blackwolf"]
[Result "0-1"]
[WhiteElo "1232"]
[BlackElo "1915"]

1. d4 Nf6 2. e3 d5 3. Bd3 g6 4. Bb5+ c6 5. Bd3 Bg7 6. f3 O-O 7. c3 Nbd7 8. b4 e5
9. h4 Re8 10. dxe5 Nxe5 11. Bc2 Nc4 12. e4 Bf5 13. Ne2 dxe4 14. Nd4 exf3+ 15.
Kf2 Bxc2 16. Qxf3 Be4 17. Qf4 Bd5 18. Re1 Rxe1 19. Kxe1 Qe7+ 20. Kd1 b5 21. a4
Nh5 22. Qf2 Bxd4 23. Qxd4 Qe4 24. Qxe4 Bxe4 25. Nd2 Nxd2 26. Bxd2 Bxg2 27. Kc2
Be4+ 28. Kb2 Bd3 29. Be3 a5 30. Bc5 axb4 31. Bxb4 bxa4 32. Bc5 Bc4 33. Ka3 Bb3
34. Kb2 Re8 35. Ka3 Re6 36. Bb4 f5 37. Bc5 f4 38. Rb1 Rf6 39. Bd4 Rf5 40. Re1
Kf7 41. Be5 f3 42. Rd1 Rxe5 43. Rd7+ Re7 44. Rd1 Bxd1 45. c4 f2 46. Kb4 f1=Q 47.
Kc5 Qf5+ 48. Kxc6 Re6+ 49. Kd7 Nf6+ 0-1

[Event "Challenge"]
[Site "http://www.queenalice.com/game.php?id=887877"]
[Date "2011.1.18"]
[Round "-"]
[White "takebora"]
[Black "BALASH"]
[Result "0-1"]
[WhiteElo "1212"]
[BlackElo "1319"]

1. d4 d5 2. c3 Bf5 3. Nd2 h6 4. h4 Nf6 5. f3 e6 6. a4 Nc6 7. e4 dxe4 8. Be2 a6
9. g4 Bh7 10. Qb3 Na5 11. Qc2 Bd6 12. Nxe4 Nxe4 13. fxe4 Qd7 14. Rh3 O-O 15. b4
Nc6 16. g5 h5 17. Bxh5 g6 18. Bxg6 Bxg6 19. h5 Bh7 20. g6 fxg6 21. hxg6 Bxg6 22.
Bh6 Rf7 23. Qd3 Bf8 24. Bg5 Bg7 25. Bh6 e5 26. Bxg7 Rxg7 27. O-O-O Rd8 28. Qc4+
Bf7 29. Qd3 Kf8 30. Rh8+ Ke7 31. Rxd8 Qxd8 32. Nf3 Rg3 33. Qe2 Bb3 34. Rd2 Qh8
35. Kb2 Bxa4 36. d5 Bb5 37. Qe1 Rxf3 38. dxc6 Qh3 39. Rd7+ Ke8 40. Rxc7 Rf1 41.
Rc8+ Qxc8 42. Qh4 Qe6 43. Qh8+ Ke7 44. Qh7+ Kd6 45. c7 Rf2+ 46. Kc1 Qg4 47. Qh6+
Kxc7 48. Qh7+ Kb8 49. Qh8+ Ka7 50. Qd8 Rf1+ 51. Kb2 Qe2+ 52. Kb3 Rb1+ 0-1

[Event "Challenge"]
[Site "http://www.queenalice.com/game.php?id=887880"]
[Date "2011.1.18"]
[Round "-"]
[White "takebora"]
[Black "alexdu60o"]
[Result "1-0"]
[WhiteElo "1200"]
[BlackElo "1224"]

1. d4 f5 2. f3 f4 3. Bxf4 e6 4. h4 Bd6 5. Bxd6 cxd6 6. e3 g5 7. hxg5 Qxg5 8. Kd2
b5 9. Qe1 Nf6 10. Nh3 Qh6 11. Bd3 b4 12. a3 Na6 13. a4 Rg8 14. Qg1 Rg3 15. Qf2
Nh5 16. Nf4 Rg5 17. c3 Rb8 18. Nxh5 Rxh5 19. Rxh5 1-0

[Event "torneo avierto "]
[Site "http://www.queenalice.com/game.php?id=889596"]
[Date "2011.1.22"]
[Round "1"]
[White "takebora"]
[Black "pajabraba69"]
[Result "1-0"]
[WhiteElo "1217"]
[BlackElo "2013"]

1. d4 d5 2. e3 Nf6 3. h4 Bf5 4. Nc3 e6 5. f3 Bb4 6. a4 Bxc3+ 7. bxc3 h5 8. c4
Nc6 9. Ba3 Qd7 10. e4 dxe4 11. c3 O-O-O 12. d5 exd5 13. Rb1 exf3 14. gxf3 Bxb1
15. Qxb1 dxc4 16. Bxc4 Qd2+ 17. Kf1 Na5 18. Be2 Nd5 19. Qe1 Qa2 20. Bc5 Nxc3 21.
Qxc3 Nb3 22. Be3 Rd7 23. Qe1 Nd4 24. Bxd4 Rxd4 25. Rh2 Qxa4 26. Rf2 Rxh4 27. Bd3
Qd7 28. Kg2 Qxd3 29. Re2 Qg6+ 30. Kf1 Rd8 31. Qxh4 Rd1+ 32. Re1 Qd3+ 33. Kg2
Rxe1 34. Qxe1 Qd7 35. f4 f6 36. Qa1 Qd2+ 37. Kf1 Qxf4+ 38. Ke1 Qe3+ 39. Ne2 h4
40. Qa4 g5 41. Qc4 Qe8 42. Qg4+ Kb8 43. Qf5 Qh8 44. Nd4 h3 45. Nf3 Qg7 46. Qxh3
g4 47. Qh5 Qe7+ 48. Kf1 gxf3 49. Qh8+ 1-0

[Event "Challenge"]
[Site "http://www.queenalice.com/game.php?id=915988"]
[Date "2011.3.22"]
[Round "-"]
[White "takebora"]
[Black "aloeto35"]
[Result "0-1"]
[WhiteElo "1277"]
[BlackElo "1223"]

1. d4 d5 2. c3 e6 3. f4 Nc6 4. g3 Nge7 5. b4 Nf5 6. h4 Nxg3 7. Rh3 Nh5 8. e3 Bd7
9. Qxh5 Bd6 10. a3 Qf6 11. Ra2 Ne7 12. Rg2 O-O-O 13. Ba6 bxa6 14. Qe2 Bb5 15. c4
Bxc4 16. Qd1 Qf5 17. Qa4 Qxb1 18. Ne2 Qd3 19. Qd1 Nf5 20. Qa4 Be7 21. Qc6 Kb8
22. Qa4 Bxh4+ 23. Rxh4 Nxh4 24. Rf2 Bb3 25. Qc6 Qd1# 0-1